000 01159cam a2200229 4500
001 WB3737-10
008 011004n2001 000 0 eng u
035 _a(Sirsi) u115001
245 _aJCT backs costs reform
260 _c2001
490 _aContract Journal
_v410(6347) 3 October 2001, 7(1)
520 _aJCT supports the DTI consultation document "Improving adjudication in the construction industry" agreeing that it is right that each party should meet its own adjudication costs.Other amendments to the adjudication process are also welcomed. Following the September meeting of the JCT council a practice note on main contract tendering is due to appear in November 2001 and will include a model form of tender and other models for use in the tendering process.
590 _aWB
650 _aJCT
650 _aREFORM
650 _aADJUDICATION PROCEDURE
650 _aCONSTRUCTION INDUSTRY
650 _aTENDERING PROCESS
650 _aMANAGEMENT-DISPUTE AVOIDANCE, MANAGEMENT AND RESOLUTION-DISPUTE MANAGEMENT AND RESOLUTION-ALTERNATIVE DISPUTE RESOLUTION-ADJUDICATION-ADJUDICATORS
690 _aDispute resolution
_96236
942 _n0
999 _c68482
_d68482